书目信息 |
| 题名: |
卡鲁索的发声方法
|
|
| 作者: | 马腊费奥迪 , P·M·马腊费奥迪 著 ;郎毓秀 译 | |
| 分册: | ||
| 出版信息: | 北京 人民音乐出版社 1984 |
|
| 页数: | 172页 | |
| 开本: | 21cm | |
| 丛书名: | ||
| 单 册: | ||
| 中图分类: | J616.1 | |
| 科图分类: | ||
| 主题词: | 发声法 | |
| 电子资源: | ||
| ISBN: | 7-103-01019-6 | |
| 000 | 00966nam0 2200265 45 | |
| 001 | 0184013164 | |
| 005 | 20040601094637.5 | |
| 010 | @a7-103-01019-6@dCNY12.60 | |
| 100 | @a19950410d1984 em y0chiy0121 ea | |
| 101 | 1 | @achi@cita |
| 102 | @aCN@b110000 | |
| 105 | @aca z 000yy | |
| 200 | 10 | @a卡鲁索的发声方法@Aka lu suo de fa sheng fang fa@e嗓音的科学培育@f(意)P·M·马腊费奥迪著@F(Yi)P·M·Ma La Fei Ao Di Zhu@g郎毓秀译 |
| 210 | @a北京@c人民音乐出版社@d1984 | |
| 215 | @a172页@c图@d21cm | |
| 300 | @a英文原题:Caruso's of Voice Production the Scientific Culture of the Voice | |
| 510 | 1 | @aCaruso's of Voice Production the Scientific Culture of the Voice@zeng |
| 517 | 1 | @a嗓音的科学培育@Asang yin de ke xue pei yu |
| 606 | @a发声法 | |
| 690 | @aJ616.1@v4 | |
| 701 | 1 | @a马腊费奥迪@Ama la fei ao di@bP.M.@4著 |
| 701 | 0 | @aP·M·马腊费奥迪@4著 |
| 702 | 0 | @a郎毓秀@Alang yu xiu@4译 |
| 801 | 2 | @aCN@bNLC@c20040601 |
| 905 | @b334069-073@dJ616.1@e265@f5 | |
| 卡鲁索的发声方法:嗓音的科学培育/(意)P·M·马腊费奥迪著/郎毓秀译.-北京:人民音乐出版社,1984 |
| 172页:图;21cm |
| 英文原题:Caruso's of Voice Production the Scientific Culture of the Voice |
| ISBN 7-103-01019-6:CNY12.60 |
| ● |
| 相关链接 |
|
|
|
|
正题名:卡鲁索的发声方法
索取号:J616.1/265
 
预约/预借
| 序号 | 登录号 | 条形码 | 馆藏地/架位号 | 状态 | 备注 |
| 1 | 0334069 | 203340697 | 第一借阅区/ [索取号:J616.1/265] | 在馆 | |
| 2 | 0334070 | 203340704 | 第一借阅区/ [索取号:J616.1/265] | 在馆 | |
| 3 | 0334071 | 203340713 | 第一借阅区/ [索取号:J616.1/265] | 在馆 | |
| 4 | 0334072 | 203340722 | 第一借阅区/ [索取号:J616.1/265] | 在馆 | |
| 5 | 0334073 | 203340731 | 第一样本阅览室/ [索取号:J616.1/265] | 在馆 |